| 000 | 00678nam 22002173 4500 | ||
|---|---|---|---|
| 001 | 201438 | ||
| 010 | _a972-667-297-X | ||
| 021 |
_aPT _b59735/92 |
||
| 090 | _a201438 | ||
| 100 | _a20260320d u||y0pory50 ba | ||
| 200 |
_aLuz e trevas no teatro de Sófocles _fMaria do Céu Zambujo Fialho |
||
| 205 | _a1ª | ||
| 210 |
_aInstituto Nacional de Investigação Científica _cCoimbra _d1992 |
||
| 215 |
_a230, [6] p. _cbrochado _d23 cm |
||
| 225 |
_aEstudos da cultura clássica _h6 |
||
| 606 |
_93661 _aCrítica Literária.Estudos Literários |
||
| 675 |
_a82.09 _vPT _zpor |
||
| 700 |
_916936 _aFialho _bMaria do Céu Zambujo |
||
| 801 |
_aPT _bBMMN _gRPC |
||
| 830 | _cVanda | ||
| 990 | _cLIVROS | ||